Normal view MARC view
  • Chávez Rea, Wilmer Rafael

Entry Nombre Personal

Number of records used in: 2

001 - NUMERO DE CONTROL

  • campo de control: 59681

003 - IDENTIFICADOR DE NUMERO DE CONTROL

  • campo de control: UPN

005 - FECHA Y HORA DE LA ÜLTIMA TRANSACCIÓN

  • campo de control: 20260525122045.0

008 - DATOS DE LONGITUD FIJA

  • campo de control de longitud fija: 260525|| acn||aabn | a|a d

024 7# - OTROS IDENTIFICADORES NORMALIZADOS

  • Fuente: orcid
  • Número normalizado o código: https://orcid.org/0000-0002-2377-1719

040 ## - FUENTE DE CATALOGACIÓN

  • Agencia original de catalogación: MX-MxUPN

100 1# - ENCABEZAMIENTO - NOMBRE PERSONAL

  • Nombre personal: Chávez Rea, Wilmer Rafael

370 ## - LUGAR ASOCIADO

  • Associated country: Venezuela

371 ## - DIRECCIÓN

  • Electronic mail address: wilmerchavez@ucla.edu.ve

372 ## - CAMPO DE ACTIVIDAD

  • Field of activity: Docente en la Licenciatura en Psicología

373 ## - GRUPO ASOCIADO

  • Associated group: Universidad Centroccidental Lisandro Alvarado (UCLA), Lara, Venezuela.

373 ## - GRUPO ASOCIADO

  • Associated group: Decanato de Humanidades y Arte (DEHA).

374 ## - OCUPACIÓN

  • Occupation: Docencia e investigación universitarias

670 ## - FUENTE EN LA QUE SE LOCALIZARON DATOS

  • Cita de la fuente: En recurso en línea: REDINE, Vol. 18, no. 1 (2026)
  • Información localizada: (Wilmer Rafael Chávez Rea)
  • Uniform Resource Identifier: https://revistas.uclave.org/index.php/redine/article/view/5602/3650

902 ## - CATALOGADOR

  • Catalogador: Leonor Sotres/250526